[Event "Mechanics' Shipman TNM; G/2 d/5"]
[Site "San Francisco"]
[Date "2018.09.04"]
[Round "5.35"]
[White "Boldt, Tim"]
[Black "Cendejas, Jon Rodo"]
[Result "1-0"]
[WhiteElo "1383"]
[BlackElo "962"]
[PlyCount "71"]
[EventDate "2018.??.??"]
[Source "ChessBase"]
[SourceDate "2007.09.04"]

1. e4 e5 2. f4 d6 3. Nf3 Nc6 4. Bc4 Be7 5. O-O Bf6 6. fxe5 dxe5 7. Nc3 Nge7 8.
d3 O-O 9. Ng5 Bxg5 10. Bxg5 h6 11. Bh4 Qe8 12. Ne2 Bg4 13. h3 Bd7 14. d4 Na5
15. Bd3 exd4 16. Nxd4 Nac6 17. c3 f6 18. Qd2 Ne5 19. Be2 Rd8 20. Qc2 c5 21.
Qb3+ Kh8 22. Ne6 Ba4 23. Qxb7 Rb8 24. Qxa7 Rf7 25. Qxc5 Bd7 26. Nf4 g5 27. Bxg5
hxg5 28. Nh5 Rc8 29. Qf2 Rc6 30. Ng3 Kh7 31. Bh5 N5g6 32. e5 fxe5 33. Qxf7+
Qxf7 34. Rxf7+ Kg8 35. Bxg6 Rxg6 36. Rxe7 1-0

[Event "Mechanics' Summer TNM; G/2 d/5"]
[Site "San Francisco"]
[Date "2018.06.19"]
[Round "4.27"]
[White "Boldt, Tim"]
[Black "Greene, Sam"]
[Result "0-1"]
[WhiteElo "1337"]
[BlackElo "1522"]
[PlyCount "40"]
[EventDate "2018.??.??"]
[Source "ChessBase"]
[SourceDate "2007.09.04"]

1. e4 e5 2. Nf3 Nc6 3. Bc4 h6 4. Nc3 Nf6 5. d4 exd4 6. Nxd4 Ne5 7. Bb3 Bb4 8.
Nf5 O-O 9. O-O Bxc3 10. bxc3 d5 11. f4 Ng6 12. Ba3 Re8 13. e5 Bxf5 14. exf6
Qxf6 15. Qxd5 Re2 16. Qxb7 Be4 17. Bd5 Rxg2+ 18. Kh1 Rxh2+ 19. Kxh2 Qh4+ 20.
Kg1 Qg3# 0-1

[Event "Mechanics' Summer TNM; G/2 d/5"]
[Site "San Francisco"]
[Date "2018.07.03"]
[Round "6.24"]
[White "Boldt, Tim"]
[Black "Mays, Jerry L"]
[Result "0-1"]
[WhiteElo "1337"]
[BlackElo "1700"]
[Annotator "Winslow"]
[PlyCount "97"]
[EventDate "2018.??.??"]
[Source "ChessBase"]
[SourceDate "2007.09.04"]

1. e4 e5 2. Nf3 Nc6 3. Bc4 Nf6 4. Ng5 d5 5. exd5 Na5 6. Bb5+ c6 7. dxc6 bxc6 8.
Qf3 {The "Queen So Early" line. Inarkiev analyzed his game against Vallejo
Pons and wrote this intro (his English): 'This is that kind of games, that
leaves you with strange feelings. Both of us spend a lot of time in the first
part of the game, but when I came to my room, after the game, and started to
look at it, I didn't write too much variations. Obviously, I had a question:
"What was I thinking about?". The problem of this game, that all variations
what you have to calculate, have no concrete assesement, most often it's
"compensation", "initiative", "no compensation"... And you have to choose
between positions with different "compensations" and "initiatives". Even now,
I still don't sure, what is right, and what is wrong.' So that's why I dread
this line! But Jerry Mays, an accountant in "real life," ...?} (8. Be2) (8. Bd3
) 8... Qd5 $6 {
Formula: Black's game is about the development and initiative, not pawn(s).} (
8... Rb8 {Inarkiev,E: 'After this move my opponent fell into deep thought. It
was quite strange, because this is the main line.'} 9. Bd3 ({
The idea of 8... Rb8 shows the variation} 9. Bxc6+ Nxc6 10. Qxc6+ Nd7 $1 11. d3
Be7 12. Ne4 Rb6 $5 13. Qa4 O-O $44 {1/2-1/2, Belotti Bruno 2433 - Dervishi
Erald 2530 , Arco 2002 It (open). Leads in development gives Black full
compensation for the pawns.}) 9... Be7 $5 ({More popular} 9... h6 10. Ne4 Nd5)
10. Nc3 O-O {0-1 (40) Vallejo Pons,F (2660)-Inarkiev,E (2674) Khanty-Mansiysk
2007 CBM 122 [Inarkiev, E]}) (8... Be7 $5) 9. Bd3 $2 {
Played once by a 1500 player. Not promising.} (9. Qxd5 Nxd5 10. Ba4 Nb6 $5 11.
Bb3 $16 {won't be a sort of position where the two bishops have targets -- the
extra pawn still counts.} Nxb3 12. axb3 f6 13. Ne4 f5 14. Ng3 $16 (14. Nec3 $16
)) 9... Qxf3 10. gxf3 h6 11. Ne4 Nd5 $1 (11... Nxe4 $2 12. fxe4 $16 c5 $2 13.
Bb5+ Bd7 14. Bxd7+ Kxd7 15. d3 {1-0 (31) Schulz, V (1516)-Shigaev,A Caleta 2017
}) 12. Nbc3 $6 (12. Bf1 $5 {
could still limit the damage, and get the queenside going}) 12... Nf4 $6 (12...
f5 13. Ng3 Nb4 $15) 13. Bf1 f5 14. Ng3 g5 $2 (14... Bd6 15. d4 exd4 16. Bxf4
Bxf4 17. Nce2 Be5 18. f4 Bf6 19. Nh5 c5 20. Nxf6+ gxf6 21. Rg1 $16 {
is almost hard to believe an advantage for White acc. to Stockfish 9}) 15. Nge2
$2 (15. b3 {to complete development}) (15. h4 {-- Black has targets too...})
15... Ng6 16. a3 $6 (16. b3 Nh4 17. Ng1 Bb7) 16... Nh4 (16... c5 $1 17. b4 Nc6
$1) 17. Ng1 (17. b4 $1) 17... Be6 (17... c5 $1) 18. b4 $2 Nc4 19. d3 Nd6 (19...
Nb6 $1) 20. Bb2 Bg7 21. O-O-O O-O 22. Nge2 Nxf3 $6 {It's not going anywhere!} (
{Meanwhile} 22... a5 $1 {is Stockfish's #1 by a pretty big bit: -+}) ({
More careful but merely -/+ is} 22... Bf7) 23. Bg2 g4 24. h3 a5 {
Best, but a mere shadow of its strength on move 22.} 25. Nb1 {
Bad habit, this putting knights back into the stable.} axb4 26. axb4 Bf6 $6 (
26... Rfb8 27. hxg4 fxg4 28. Bxf3 gxf3) 27. hxg4 (27. Nd2) 27... fxg4 (27...
Bg5+ $1 {of course} 28. Nd2 Nxd2 29. Rxd2 fxg4 30. Rh5 (30. Bxe5 Rxf2 31. Bxc6
Rxe2 32. Bxa8 Nb5) 30... Bd5 31. Rxg5+ hxg5 32. Bxd5+ cxd5 33. Ng3 Rae8 $19)
28. Bxf3 Bg5+ 29. Nd2 Rxf3 30. Bxe5 Rxf2 31. Nc3 $2 (31. Ng3 Bd5 32. Rhf1 Rg2
33. Nh5 Nf7 $17) 31... Nf7 $19 32. Bd4 Ra1+ 33. Ncb1 Bxd2+ 34. Rxd2 (34. Kb2
Ra2# {D'oh!}) 34... Rxb1+ 35. Kxb1 Rxd2 36. Rf1 Kf8 37. Be3 Rh2 38. Rf6 Ke7 39.
Rg6 Rh3 40. Bc5+ Kd7 41. Kb2 h5 42. d4 Rf3 43. c3 Rf2+ 44. Kc1 Rc2+ {
Technique dictates just making a queen.} 45. Kd1 (45. Kxc2 Bf5+) 45... Rxc3 46.
Rg7 h4 47. Rh7 h3 48. b5 cxb5 49. Bb4 0-1

[Event "Mechanics' Shipman TNM; G/2 d/5"]
[Site "San Francisco"]
[Date "2018.09.18"]
[Round "7.33"]
[White "Boldt, Tim"]
[Black "McEnroe, Glenn"]
[Result "1/2-1/2"]
[WhiteElo "1383"]
[BlackElo "1500"]
[PlyCount "127"]
[EventDate "2018.??.??"]
[Source "ChessBase"]
[SourceDate "2007.09.04"]

1. e4 e6 2. d3 d5 3. Nd2 Nf6 4. Ngf3 c5 5. g3 Nc6 6. Bg2 Be7 7. O-O O-O 8. Re1
Qc7 (8... b5) 9. Nf1 dxe4 10. dxe4 Rd8 11. Qe2 e5 12. b3 Nd4 13. Nxd4 cxd4 14.
Bb2 Be6 15. Rac1 Bb4 16. Red1 Bc3 17. Bxc3 Qxc3 18. Qd3 Rdc8 19. Qxc3 Rxc3 20.
Rd3 Rac8 21. Rxc3 Rxc3 22. Nd2 d3 23. Nb1 Rxc2 24. Rd1 Rxa2 25. Rxd3 g6 26. Nc3
Ra1+ 27. Bf1 Kg7 28. Kg2 Bxb3 29. Rd2 a6 30. f3 b5 31. Nd5 Ra2 32. Rxa2 Bxa2
33. Nc7 Bc4 34. Nxa6 Bxf1+ 35. Kxf1 Nd7 36. Ke2 Kf6 37. Kd3 Ke7 38. Kc3 Kd6 39.
Nb4 Nb6 40. Nd3 f6 41. Kb4 Kc6 42. f4 Nc4 43. fxe5 fxe5 44. h4 h5 45. Nf2 Nd2
46. g4 hxg4 47. Nxg4 Kd6 48. Nf2 Nf3 49. Kxb5 Nxh4 50. Kc4 Nf3 51. Kd3 Ke6 52.
Ke3 Nh4 53. Ng4 g5 54. Kf2 Ng6 55. Kg3 Nf4 56. Nf2 Kf6 57. Kg4 Kg6 58. Nd1 Nd3
59. Ne3 Nc5 60. Nc4 Nxe4 61. Nxe5+ Kf6 62. Nf3 Nf2+ 63. Kg3 Ne4+ 64. Kg4
1/2-1/2

[Event "Mechanics' Spring TNM; G/2 d5"]
[Site "San Francisco"]
[Date "2018.04.03"]
[Round "3.41"]
[White "Boldt, Tim"]
[Black "McEnroe, Glenn Aus"]
[Result "0-1"]
[WhiteElo "1329"]
[BlackElo "1500"]
[PlyCount "136"]
[EventDate "2018.??.??"]
[Source "ChessBase"]
[SourceDate "2007.09.04"]

1. e4 e6 2. d4 d5 3. Nd2 Nf6 4. e5 Nfd7 5. f4 c5 6. Ngf3 b6 7. c3 Be7 8. Bd3
Ba6 9. c4 cxd4 10. O-O dxc4 11. Nxc4 Nc5 12. b3 Nxd3 13. Qxd3 Nc6 14. Nd6+ Bxd6
15. Qxa6 Bc5 16. Kh1 O-O 17. Bb2 Qc8 18. Qc4 Rd8 19. Rad1 Qd7 20. a3 Qd5 21.
Qxd5 Rxd5 22. b4 Bf8 23. Nxd4 Nxd4 24. Rxd4 Rxd4 25. Bxd4 Rd8 26. Bb2 Rd2 27.
Bc1 Ra2 28. Kg1 a5 29. bxa5 bxa5 30. Rf3 Ra1 31. Rc3 Bxa3 32. Rc8+ Bf8 33. Kf2
g6 34. Be3 Kg7 35. Ra8 a4 36. g4 a3 37. f5 gxf5 38. gxf5 exf5 39. e6 Ra2+ 40.
Kf3 fxe6 41. Bd4+ Kf7 42. h4 Rh2 43. Ra7+ Kg6 44. Ra6 Rxh4 45. Rxe6+ Kf7 46.
Rf6+ Kg8 47. Be5 Bg7 48. Rxf5 Bxe5 49. Rxe5 Ra4 50. Re1 a2 51. Ra1 Kg7 52. Ke2
h5 53. Kd2 Kg6 54. Kc2 h4 55. Kb2 Kg5 56. Rg1+ Kf4 57. Ka1 h3 58. Rg8 Kf3 59.
Rh8 Kg2 60. Rg8+ Kf3 61. Rh8 Kg3 62. Rc8 h2 63. Rc3+ Kh4 64. Rc1 Rg4 65. Kxa2
Kh3 66. Rc3+ Rg3 67. Rc1 Rf3 68. Kb1 Kg2 0-1

[Event "Mechanics' Summer TNM; G/2 d/5"]
[Site "San Francisco"]
[Date "2018.05.29"]
[Round "1.27"]
[White "Boldt, Tim"]
[Black "Porlares, Teodoro"]
[Result "0-1"]
[WhiteElo "1337"]
[BlackElo "1794"]
[PlyCount "69"]
[EventDate "2018.??.??"]
[Source "ChessBase"]
[SourceDate "2007.09.04"]

1. e4 c6 2. d4 d5 3. e5 Bf5 4. Nc3 e6 5. g4 Bg6 6. h4 h5 7. Bd3 Bxd3 8. Qxd3
Nd7 9. g5 g6 10. Bd2 c5 11. Nf3 cxd4 12. Qxd4 Bc5 13. Qf4 Ne7 14. Be3 Nf5 15.
Bxc5 Nxc5 16. O-O-O Qd7 17. Nd4 O-O-O 18. Nxf5 gxf5 19. Qe3 Qc6 20. Qe2 a6 21.
Rh3 Kb8 22. Kb1 d4 23. Qd2 dxc3 24. Qxd8+ Rxd8 25. Rxd8+ Ka7 26. Rd1 Ne4 27.
Rh2 Qb6 28. b3 Qb4 29. Ka1 Nd2 30. Rh3 Qg4 31. Rdh1 Qe2 32. Rxc3 Qxe5 33. Kb2
Ne4 34. Rhh3 Nxc3 35. Rxc3 0-1

[Event "Mechanics' Shipman TNM; G/2 d/5"]
[Site "San Francisco"]
[Date "2018.08.28"]
[Round "4.25"]
[White "Boldt, Tim"]
[Black "Sherwood, Peter"]
[Result "0-1"]
[WhiteElo "1383"]
[BlackElo "1639"]
[PlyCount "58"]
[EventDate "2018.??.??"]
[Source "ChessBase"]
[SourceDate "2007.09.04"]

1. e4 c5 2. d4 cxd4 3. c3 dxc3 4. Nxc3 a6 5. Bc4 e6 6. Nf3 b5 7. Bb3 Bb7 8. Qe2
Bc5 9. O-O Ne7 10. Rd1 O-O 11. Bf4 Ng6 12. Bg3 Nc6 13. Rac1 Qe7 14. e5 Na5 15.
Bc2 Rfd8 16. a3 Bb6 17. Ne4 Nc4 18. b4 Rac8 19. Nd6 Nxd6 20. Rxd6 Bc7 21. Rdd1
d5 22. Bxg6 hxg6 23. Bh4 f6 24. exf6 gxf6 25. Rxc7 Rxc7 26. Ne5 Kg7 27. Qg4 g5
28. Nd3 Rc4 29. Nf4 $4 Rxf4 0-1

[Event "Mechanics' Winter TNM; G/2 d5"]
[Site "San Francisco"]
[Date "2018.02.13"]
[Round "6.39"]
[White "Boldt, Tim"]
[Black "Simpkins, Jerry"]
[Result "0-1"]
[WhiteElo "1329"]
[BlackElo "1580"]
[PlyCount "100"]
[EventDate "2018.??.??"]
[Source "ChessBase"]
[SourceDate "2007.09.04"]

1. e4 e5 2. f4 d5 3. exd5 e4 4. d3 Qxd5 5. Nc3 Bb4 6. Bd2 Bxc3 7. Bxc3 f6 8.
Qe2 Bf5 9. g4 Bg6 10. f5 Bf7 11. Bg2 Ne7 12. Bxe4 Qb5 13. Nf3 Nbc6 14. a3 O-O-O
15. O-O-O Bd5 16. Nd4 Nxd4 17. Bxd4 Nc6 18. Bc3 Rhe8 19. Qg2 Ne5 20. Bxe5 Rxe5
21. Kb1 Bxe4 22. dxe4 Rde8 23. Rd5 Rxd5 24. exd5 Re2 25. Qf3 Qc4 26. Qc3 Qxd5
27. Re1 Rxh2 28. Qe3 Qc6 29. Qe6+ Qxe6 30. fxe6 Kd8 31. Rd1+ Ke7 32. Rd7+ Kxe6
33. Rxc7 Rg2 34. Rxg7 h5 35. Rxb7 hxg4 36. Rb5 f5 37. Kc1 f4 38. Kd1 f3 39. Rh5
g3 40. Rh1 Rh2 41. Rg1 g2 42. Ke1 Kf5 43. Kf2 Kg4 44. c4 Rh7 45. c5 a5 46. b4
Rc7 47. Rc1 Rd7 48. b5 Rd2+ 49. Kg1 Kg3 50. Rc3 Rd1# 0-1

[Event "Mechanics' Winter TNM; G/2 d5"]
[Site "San Francisco"]
[Date "2018.01.30"]
[Round "4.31"]
[White "Boldt, Tim"]
[Black "Standen, Julian"]
[Result "1/2-1/2"]
[WhiteElo "1329"]
[BlackElo "1600"]
[PlyCount "103"]
[EventDate "2018.??.??"]
[Source "ChessBase"]
[SourceDate "2007.09.04"]

1. e4 c6 2. d4 d5 3. e5 Bf5 4. Nc3 e6 5. g4 Bg6 6. Nge2 Bb4 7. Bd2 Ne7 8. h4 h6
9. Nf4 Nd7 10. Bd3 Bxd3 11. Nxd3 Ba5 12. Ne2 Bb6 13. c3 c5 14. dxc5 Nxc5 15.
Nxc5 Bxc5 16. Qa4+ Nc6 17. f4 Qd7 18. O-O-O O-O-O 19. Qc2 Kb8 20. Kb1 h5 21. g5
g6 22. Rh3 Qc7 23. Be3 Be7 24. Nd4 Nxd4 25. Bxd4 a6 26. Qf2 Qc6 27. Rhd3 b5 28.
Bb6 Rc8 29. Ba5 Qb7 30. Ka1 Rc4 31. b3 Rc6 32. c4 Rhc8 33. cxd5 Rc1+ 34. Rxc1
Rxc1+ 35. Kb2 Bc5 36. Qd2 Rg1 37. d6 Rg2 38. d7 Rxd2+ 39. Rxd2 Be7 40. d8=Q+
Bxd8 41. Rxd8+ Ka7 42. Rd6 Qc8 43. Rd8 Qc6 44. Rd6 Qg2+ 45. Ka3 Qb7 46. Bb6+
Qxb6 47. Rxb6 Kxb6 48. Kb4 Kc6 49. Kc3 Kc5 50. b4+ Kd5 51. Kd3 Kc6 52. Kc3
1/2-1/2

[Event "Mechanics' Winter TNM; G/2 d5"]
[Site "San Francisco"]
[Date "2018.01.16"]
[Round "2.36"]
[White "Boldt, Tim"]
[Black "Yan, David"]
[Result "1/2-1/2"]
[WhiteElo "1329"]
[BlackElo "1548"]
[PlyCount "105"]
[EventDate "2018.??.??"]
[Source "ChessBase"]
[SourceDate "2007.09.04"]

1. e4 c6 2. d4 Nf6 3. Nc3 d5 4. e5 Nfd7 5. Bd3 e6 6. Nge2 c5 7. O-O cxd4 8.
Nxd5 exd5 9. Nxd4 Nxe5 10. Re1 Bd6 11. f4 O-O 12. fxe5 Bc5 13. c3 Nc6 14. Kh1
Re8 15. Bf4 Qb6 16. Nf5 Ne7 17. Qg4 Nxf5 18. Bxf5 Bxf5 19. Qxf5 Qxb2 20. Rab1
Qxc3 21. Rec1 Qa3 22. Rxb7 Re7 23. Rxe7 Bxe7 24. e6 f6 25. Qxd5 Rd8 26. Qb3
Qxb3 27. axb3 Ba3 28. Ra1 Kf8 29. h3 Bc5 30. Re1 Ke7 31. Be3 Bxe3 32. Rxe3 Rd6
33. g4 Rxe6 34. Rc3 Rd6 35. Kg2 Ke6 36. b4 Rb6 37. Rc7 g5 38. Rxa7 Rxb4 39.
Rxh7 Ke5 40. Re7+ Kf4 41. Re2 Rb3 42. Rf2+ Ke5 43. Rf5+ Ke6 44. Rf3 Rxf3 45.
Kxf3 Ke5 46. Ke3 Kd5 47. Kf3 Ke5 48. Kg3 Ke4 49. h4 gxh4+ 50. Kxh4 Kf4 51. Kh5
Kg3 52. g5 fxg5 53. Kxg5 1/2-1/2

[Event "Mechanics' Bedjanian TNM; G/2 d/5"]
[Site "San Francisco"]
[Date "2018.10.23"]
[Round "1.18"]
[White "Bradley, Christopher"]
[Black "Argo, Guy"]
[Result "0-1"]
[WhiteElo "1407"]
[BlackElo "1912"]
[PlyCount "73"]
[EventDate "2018.??.??"]
[Source "ChessBase"]
[SourceDate "2007.09.04"]

1. Nf3 f5 2. e4 e5 3. Nxe5 Nc6 4. Nxc6 dxc6 5. e5 Be6 6. Be2 Qh4 7. d3 f4 8.
Bf3 O-O-O 9. Nc3 Bb4 10. Bd2 Ne7 11. Ne4 Bxd2+ 12. Qxd2 Ng6 13. O-O-O Rd5 14.
c4 Rxe5 15. d4 Rd8 16. Qe1 Rxe4 17. Bxe4 Bxc4 18. Bxg6 hxg6 19. b3 Bd5 20. f3
Qh8 21. Qe5 Qf8 22. Qe2 Re8 23. Qd2 Qa3+ 24. Qb2 Qxb2+ 25. Kxb2 Re2+ 26. Ka3
Rxg2 27. Rdf1 g5 28. Rhg1 Bxf3 29. Rxg2 Bxg2 30. Rf2 f3 31. Kb4 b6 32. a4 Kd7
33. a5 Kd6 34. Kc3 c5 35. Kc4 cxd4 36. Kxd4 c5+ 37. Ke4 {Both scoresheets end
here with Black winning, but Stockfish evaluates the position as equal.} 0-1

[Event "Mechanics' Bedjanian TNM; G/2 d/5"]
[Site "San Francisco"]
[Date "2018.11.20"]
[Round "5.38"]
[White "Bradley, Christopher"]
[Black "Bryan, Robert R"]
[Result "1-0"]
[WhiteElo "1407"]
[BlackElo "336"]
[PlyCount "39"]
[EventDate "2018.??.??"]
[Source "ChessBase"]
[SourceDate "2007.09.04"]

1. Nf3 Nc6 2. d4 b6 3. Bf4 Nf6 4. e3 d6 5. Bb5 Bd7 6. O-O e6 7. Bd3 Be7 8. c3
O-O 9. e4 e5 10. dxe5 dxe5 11. Bg5 h6 12. Bxf6 gxf6 13. Nh4 Re8 14. Qh5 Rf8 15.
Qxh6 a5 16. f4 a4 17. Rf3 f5 18. Rg3+ Bg5 19. Rxg5+ Qxg5 20. Qxg5+ 1-0

[Event "Mechanics' Vartan Bedjanian TNM; G/2 d/"]
[Site "San Francisco"]
[Date "2018.11.07"]
[Round "3.37"]
[White "Bradley, Christopher"]
[Black "Casares Jr, Nick"]
[Result "1-0"]
[WhiteElo "1407"]
[BlackElo "1600"]
[PlyCount "71"]
[EventDate "2018.??.??"]
[Source "ChessBase"]
[SourceDate "2007.09.04"]

1. Nf3 Nf6 2. c4 e6 3. g3 d5 4. Bg2 b6 5. O-O Bb7 6. b3 Be7 7. Bb2 Nbd7 8. d3
c5 9. cxd5 exd5 10. d4 cxd4 11. Nxd4 O-O 12. Nf5 Bc5 13. Nc3 Re8 14. a3 Ne5 15.
b4 Bf8 16. Ne3 Qd7 17. Ncxd5 Nxd5 18. Bxd5 Bxd5 19. Nxd5 Qb7 20. Bxe5 Rxe5 21.
Nf4 Rae8 22. e3 Qa8 23. Qb3 g5 24. Ng2 Qe4 25. Rfd1 h5 26. Rd4 Qg6 27. h3 Qf5
28. h4 Re4 29. Rad1 Bg7 30. Rxe4 Rxe4 31. hxg5 Be5 32. Qd5 Rg4 33. f4 Rxg3 34.
Rd2 Qb1+ 35. Kh2 h4 36. Qxe5 1-0

[Event "Mechanics' Winter TNM; G/2 d5"]
[Site "San Francisco"]
[Date "2018.01.30"]
[Round "4.45"]
[White "Brown, Nicholas M"]
[Black "Capdeville, Barry"]
[Result "1-0"]
[WhiteElo "1490"]
[BlackElo "1173"]
[PlyCount "93"]
[EventDate "2018.??.??"]
[Source "ChessBase"]
[SourceDate "2007.09.04"]

1. d4 d5 2. c4 e6 3. Nc3 Nf6 4. Nf3 Be7 5. e3 O-O 6. Bd3 Re8 7. O-O Nbd7 8. Qc2
Nf8 9. e4 dxe4 10. Nxe4 Nxe4 11. Bxe4 f5 12. Bd3 Ng6 13. b3 Rf8 14. Re1 Bf6 15.
Bb2 Nf4 16. Rad1 Nxd3 17. Rxd3 b6 18. Ba3 Rf7 19. d5 e5 20. Nxe5 Bxe5 21. Rxe5
Bd7 22. Rde3 c5 23. dxc6 Bxc6 24. Re1 Be4 25. Qe2 Qf6 26. Bb2 Qg5 27. f3 Bc6
28. Re7 Raf8 29. Rxf7 Rxf7 30. Qf2 Re7 31. Rxe7 Qxe7 32. h3 Qc5 33. a3 Qxf2+
34. Kxf2 f4 35. b4 Ba4 36. c5 Bb5 37. h4 Kf7 38. cxb6 axb6 39. Be5 Ke6 40. Bxf4
Kd5 41. Be3 Kc6 42. g4 Ba4 43. f4 b5 44. h5 Bd1 45. Kg3 Kd6 46. f5 h6 47. Bd4
1-0

[Event "Mechanics' Spring TNM; G/2 d5"]
[Site "San Francisco"]
[Date "2018.05.01"]
[Round "7.29"]
[White "Brown, Nicholas M"]
[Black "Drane, Robert"]
[Result "0-1"]
[WhiteElo "1490"]
[BlackElo "1800"]
[Annotator "Winslow,Elliott"]
[PlyCount "88"]
[EventDate "2018.??.??"]
[Source "ChessBase"]
[SourceDate "2007.09.04"]

1. d4 f5 2. Nf3 Nf6 3. g3 e6 4. Bg2 Be7 5. O-O O-O 6. c4 d6 7. Nc3 Qe8 8. Bg5
$6 (8. b4) (8. b3) (8. Re1) (8. Qc2) 8... Nbd7 (8... Qh5) (8... Ne4 9. Bxe7
Nxc3 10. bxc3 Qxe7 11. Rb1) 9. Re1 (9. Qb3 {
is the only move with a plus score, and only thanks to some very old games...})
9... Ne4 10. Bxe7 Qxe7 11. Qc2 Ndf6 12. e3 c6 13. Nd2 Nxd2 14. Qxd2 e5 15. dxe5
dxe5 16. Qc2 e4 17. Ne2 Ng4 18. h3 Ne5 19. Nf4 g5 20. Ne2 Be6 21. b3 Bf7 22.
Nd4 Bg6 23. Qc3 Rae8 24. Red1 Bh5 25. Rf1 c5 26. Nc2 Bf3 27. Bxf3 exf3 28. Rfd1
Qg7 29. Qe1 f4 30. g4 Qg6 31. Qc3 Qh6 32. Kf1 Qxh3+ 33. Ke1 Rd8 34. Rd5 Rxd5
35. cxd5 Nxg4 36. Qd3 fxe3 37. fxe3 f2+ 38. Kd2 f1=Q 39. Qe4 Qf5 40. Qc4 Qg2+
41. Kc1 Qfxd5 42. Qc3 Qe5 43. Qc4+ Kh8 44. Qd3 Rf1+ 0-1

[Event "Mechanics' Winter TNM; G/2 d5"]
[Site "San Francisco"]
[Date "2018.01.09"]
[Round "1.10"]
[White "Brown, Nicholas M"]
[Black "Perepelitsky, Phil"]
[Result "0-1"]
[WhiteElo "1490"]
[BlackElo "2166"]
[PlyCount "48"]
[EventDate "2018.??.??"]
[Source "ChessBase"]
[SourceDate "2007.09.04"]

1. d4 d5 2. c4 c6 3. Nf3 Nf6 4. Nc3 dxc4 5. a4 Bf5 6. e3 e6 7. Bxc4 Bb4 8. O-O
O-O 9. Qb3 Qe7 10. Bd2 a5 11. Rfe1 Nbd7 12. Nb1 Bd6 13. Nc3 e5 14. d5 Nc5 15.
Qa2 e4 16. Nd4 Bd7 17. dxc6 bxc6 18. Nde2 Ng4 19. Ng3 Qh4 20. h3 Nxf2 21. Kxf2
Bxg3+ 22. Ke2 Qh5+ 23. Kf1 Bxh3 24. Re2 Bg4 0-1

[Event "Mechanics' Winter TNM; G/2 d5"]
[Site "San Francisco"]
[Date "2018.02.27"]
[Round "8.34"]
[White "Brown, Nicholas M"]
[Black "Sherwood, Peter"]
[Result "1/2-1/2"]
[WhiteElo "1490"]
[BlackElo "1651"]
[PlyCount "54"]
[EventDate "2018.??.??"]
[Source "ChessBase"]
[SourceDate "2007.09.04"]

1. d4 d5 2. c4 c6 3. Nf3 Nf6 4. Bg5 e6 5. Nc3 Be7 6. e3 O-O 7. Bd3 Nbd7 8. O-O
h6 9. Bh4 b6 10. Qc2 Bb7 11. e4 dxe4 12. Nxe4 Nxe4 13. Bxe7 Qxe7 14. Bxe4 Nf6
15. Bd3 Rfd8 16. Be2 Rd7 17. Rad1 Rad8 18. Rd2 c5 19. dxc5 Rxd2 20. Nxd2 Qxc5
21. Bf3 Bxf3 22. Nxf3 Qd6 23. b3 Qd3 24. Qc1 Qd6 25. Qc2 Qd3 26. Qc1 Qd6 27.
Qc2 Qd3 1/2-1/2

[Event "Mechanics' Spring TNM; G/2 d5"]
[Site "San Francisco"]
[Date "2018.03.20"]
[Round "1.10"]
[White "Brown, Nicholas M"]
[Black "Uzzaman, Ashik"]
[Result "1/2-1/2"]
[WhiteElo "1490"]
[BlackElo "2096"]
[Annotator "Donaldson"]
[PlyCount "63"]
[EventDate "2018.??.??"]
[Source "ChessBase"]
[SourceDate "2007.09.04"]

1. d4 e6 2. c4 f5 3. Nf3 Nf6 4. Nc3 Be7 5. e3 O-O 6. Bd3 d6 7. O-O Qe8 8. e4
Qh5 9. exf5 exf5 10. Bf4 Nc6 11. Re1 Bd8 12. Be2 Qg6 13. d5 Nb8 14. Bd3 Nh5 15.
Bg3 Na6 16. a3 Nc5 17. Be2 Nxg3 18. fxg3 Bd7 19. Nd4 a6 20. Bh5 Qf6 21. b4 Ne4
22. Nxe4 fxe4 23. Rxe4 Qf2+ 24. Kh1 Bf6 25. Rf4 Qb2 26. Rb1 Qxa3 27. Ne6 Bxe6
28. dxe6 g6 29. Bf3 Rab8 30. Bd5 Kg7 31. Rf3 Bc3 {Diagram [#]} 32. Rb3 $2 {
Letting Black escape.} (32. Rxf8 Rxf8 33. e7 Re8 34. Qf3 Rxe7 35. Rf1 {
wins albeit in complicated, computer-like fashion.} Kh6 36. Qf8+ Rg7 37. Qf4+
g5 38. Qf5 g4 39. Qe6+ Rg6 40. Qe3+ Rg5 41. h4 gxh3 42. Qe6+ Rg6 43. Qxh3+ Kg7
44. Rf7+ Kg8 45. Qxh7#) (32. e7 Rf6 33. Re3 Re8 34. Bxb7 {is the "human" win.})
1/2-1/2

[Event "Mechanics' Shipman TNM; G/2 d/5"]
[Site "San Francisco"]
[Date "2018.08.14"]
[Round "2"]
[White "Bryan, Robert"]
[Black "Temple, Jason Todd"]
[Result "0-1"]
[WhiteElo "336"]
[BlackElo "1384"]
[PlyCount "26"]
[EventDate "2018.??.??"]
[Source "ChessBase"]
[SourceDate "2007.09.04"]

1. e4 c6 2. Nf3 d5 3. d4 dxe4 4. Nfd2 f5 5. f3 Nf6 6. Nc3 Qxd4 7. Ncxe4 fxe4 8.
c3 Qe3+ 9. Be2 exf3 10. Rf1 fxe2 11. Qxe2 Nd5 12. Qxe3 Nxe3 13. Rf3 Nc2+ 0-1

[Event "Mechanics' Shipman TNM; G/2 d/5"]
[Site "San Francisco"]
[Date "2018.09.18"]
[Round "7.44"]
[White "Bryan, Robert R"]
[Black "Cendejas, Jon Rodo"]
[Result "0-1"]
[WhiteElo "336"]
[BlackElo "962"]
[PlyCount "118"]
[EventDate "2018.??.??"]
[Source "ChessBase"]
[SourceDate "2007.09.04"]

1. e4 e5 2. c3 d6 3. d4 Be7 4. Nf3 Bf6 5. Bb5+ c6 6. Bc4 Ne7 7. O-O O-O 8. Be3
Be6 9. Nbd2 b5 10. Bb3 a6 11. Rc1 Ng6 12. Re1 Nd7 13. d5 cxd5 14. exd5 Bf5 15.
c4 e4 16. Nh4 Bxh4 17. Rf1 Rc8 18. f3 Bg5 19. f4 Bf6 20. a4 Ne7 21. axb5 axb5
22. cxb5 (22. g4) 22... Qa5 23. Nc4 Qxb5 24. Nd2 Nxd5 25. Rxc8 Rxc8 26. Bc4 Qb7
27. Bxd5 Qxd5 28. Nb3 Qxd1 29. Rxd1 Be7 30. Nd4 Bg6 31. b4 d5 32. b5 Nb8 33. b6
Bc5 34. b7 Rc7 35. Rb1 Bxd4 36. Bxd4 e3 37. Bxe3 Bxb1 38. Ba7 Rxb7 39. Bd4 Nc6
40. Bf2 f5 41. h4 h5 42. Bd4 g6 43. Bf6 d4 44. Bg5 d3 45. Kf1 Bc2 46. Ke1 Rb1+
47. Kd2 Rd1+ 48. Kc3 Bb1 49. Bf6 Kf7 50. Kb3 Rg1 51. Bd4 Rxg2 52. Kc4 d2 53.
Kd5 Nxd4 54. Kxd4 d1=Q+ 55. Kc4 Rc2+ 56. Kb4 Qd3 57. Ka4 Rc4+ 58. Kb5 Qb3+ 59.
Ka5 Ra4# 0-1

[Event "Mechanics' Bedjanian TNM; G/2 d/5"]
[Site "San Francisco"]
[Date "2018.12.18"]
[Round "9.40"]
[White "Bryan, Robert R"]
[Black "Chambers, Don"]
[Result "0-1"]
[WhiteElo "336"]
[BlackElo "1047"]
[PlyCount "36"]
[EventDate "2018.??.??"]
[Source "ChessBase"]
[SourceDate "2007.09.04"]

1. e4 e5 2. Nf3 Nc6 3. Bb5 Bc5 4. O-O Nf6 5. Re1 Ng4 6. h3 Bxf2+ 7. Kh1 Bxe1 8.
Qxe1 Nf6 9. Nc3 Nb4 10. Qd1 c6 11. Bc4 d5 12. Be2 Nxe4 13. Na4 Nf2+ 14. Kg1
Nxd1 15. Bxd1 e4 16. Nd4 Qg5 17. Nf3 exf3 18. d4 Qxg2# 0-1